El procedimiento silencio

Guardado en:
Bibliografiske detaljer
Hovedforfatter: Virilio, Paul
Format: Bog
Sprog:Undetermined
Udgivet: Buenos Aires, Argentina Paidós 2005
Fag:
Tags: Tilføj Tag
Ingen Tags, Vær først til at tagge denne postø!

MARC

LEADER 00000nam a2200000Ia 4500
008 170316s9999 xx 000 0 und d
090 |a 100 V-17.1p 
100 |a Virilio, Paul 
245 |a El procedimiento silencio 
260 |a Buenos Aires, Argentina 
260 |b Paidós 
260 |c 2005 
300 |a 112 páginas 
650 |a FILOSOFÍA 
650 |a ENSAYO - ARTE CONTEMPORÁNEO 
999 |c 17846  |d 17846 
040 |a cru BVZT 
942 |c 15 D  |h 100 V-17.1p  |2 z